000 01323nam a22002297a 4500
999 _c480
_d480
005 20190816091210.0
008 190816b ||||| |||| 00| 0 eng d
020 _a9781445153216
040 _cKH8
082 _a796.334 APP
100 _aApps, Roy
245 _aCristiano Ronaldo /
_cRoy Apps; illustrated by Alessandro Valdrighi
260 _aLondon :
_bFranklin Watts,
_c2018. ©2018.
300 _a47 pages :
_bcolour illustrations ;
_c20 cm.
440 _aSporting heroes
440 _aEdge
520 _aThis inspirational biography for children, written by award-winning author Roy Apps, follows the amazing story of Cristiano Ronaldo from his first street kickabout in Funchal, Maderia, to playing for Manchester Utd and Real Madrid. Illustrated with colour artwork by Alessandro Valdrighi, including graphic novel-style panels, this book is perfect for sport-mad girls and boys. Printed on off-white paper using a reading font approved by the British Dyslexia Association, the Sporting Heroes series brings to life the skill, grit and determination needed to be a world-class sportsperson today.
650 _aRonaldo, Cristiano, 1985
_vJuvenile literature.
650 _aSoccer players
_vJuvenile literature.
_xBiography
_zPortugal
700 _aValdrighi, Alessandro
_eIllustrator
942 _2ddc
_cNFIC